000 00561nam a22001457a 4500
005 20241221095626.0
008 241004b |||||||| |||| 00| 0 eng d
050 _aDPer050 M72 January-March 2018 v. 66 no. 8-10
100 _aAnig-ig, Belth Babby P.
_eauthor.
_962202
245 _aLife skills for transformative education /
_cBelth Babby P. Anig-ig.
260 _aPhilippines;
_bPublishers Association of the Philippines, Inc.,
_cJanuary 2019.
300 _aVolume 66, pages 289-291.
700 _aAnig-ig, Belth Babby P.
_eauthor.
_962203
942 _2ddc
_cPER
999 _c22186
_d22186